<?xml version="1.0" encoding="UTF-8"?>
<collection xmlns="http://www.loc.gov/MARC21/slim">
 <record>
  <leader>06760cam a2200925 c 4500</leader>
  <controlfield tag="001">875745008</controlfield>
  <controlfield tag="003">DE-627</controlfield>
  <controlfield tag="005">20260306143521.0</controlfield>
  <controlfield tag="007">tu</controlfield>
  <controlfield tag="008">170102s2017    fr |||||      00| ||fre c</controlfield>
  <datafield tag="020" ind1=" " ind2=" ">
   <subfield code="a">9782903239572</subfield>
   <subfield code="9">978-2-903239-57-2</subfield>
  </datafield>
  <datafield tag="020" ind1=" " ind2=" ">
   <subfield code="a">2903239576</subfield>
   <subfield code="9">2-903239-57-6</subfield>
  </datafield>
  <datafield tag="035" ind1=" " ind2=" ">
   <subfield code="a">(DE-627)875745008</subfield>
  </datafield>
  <datafield tag="035" ind1=" " ind2=" ">
   <subfield code="a">(DE-603)396995969</subfield>
  </datafield>
  <datafield tag="035" ind1=" " ind2=" ">
   <subfield code="a">(DE-576)487319206</subfield>
  </datafield>
  <datafield tag="035" ind1=" " ind2=" ">
   <subfield code="a">(DE-599)HBZHT019185702</subfield>
  </datafield>
  <datafield tag="035" ind1=" " ind2=" ">
   <subfield code="a">(OCoLC)986243022</subfield>
  </datafield>
  <datafield tag="035" ind1=" " ind2=" ">
   <subfield code="a">(OCoLC)986542740</subfield>
  </datafield>
  <datafield tag="035" ind1=" " ind2=" ">
   <subfield code="a">(OCoLC)986243022</subfield>
  </datafield>
  <datafield tag="035" ind1=" " ind2=" ">
   <subfield code="a">(DE-605)HT019185702</subfield>
  </datafield>
  <datafield tag="035" ind1=" " ind2=" ">
   <subfield code="a">(ZDB-21-EIL)4136095</subfield>
  </datafield>
  <datafield tag="040" ind1=" " ind2=" ">
   <subfield code="a">DE-627</subfield>
   <subfield code="b">ger</subfield>
   <subfield code="c">DE-627</subfield>
   <subfield code="e">rda</subfield>
  </datafield>
  <datafield tag="041" ind1=" " ind2=" ">
   <subfield code="a">fre</subfield>
  </datafield>
  <datafield tag="044" ind1=" " ind2=" ">
   <subfield code="c">XA-FR</subfield>
  </datafield>
  <datafield tag="050" ind1=" " ind2="0">
   <subfield code="a">NB553.B33</subfield>
  </datafield>
  <datafield tag="050" ind1=" " ind2="0">
   <subfield code="a">NB</subfield>
  </datafield>
  <datafield tag="082" ind1="0" ind2=" ">
   <subfield code="a">709</subfield>
   <subfield code="2">14</subfield>
  </datafield>
  <datafield tag="082" ind1="0" ind2=" ">
   <subfield code="a">730</subfield>
  </datafield>
  <datafield tag="084" ind1=" " ind2=" ">
   <subfield code="a">KUNST</subfield>
   <subfield code="q">DE-16</subfield>
   <subfield code="2">fid</subfield>
  </datafield>
  <datafield tag="084" ind1=" " ind2=" ">
   <subfield code="a">LI 99999</subfield>
   <subfield code="q">BVB</subfield>
   <subfield code="2">rvk</subfield>
   <subfield code="0">(DE-625)rvk/97471:</subfield>
  </datafield>
  <datafield tag="084" ind1=" " ind2=" ">
   <subfield code="a">20.31</subfield>
   <subfield code="2">bkl</subfield>
  </datafield>
  <datafield tag="084" ind1=" " ind2=" ">
   <subfield code="a">21.52</subfield>
   <subfield code="2">bkl</subfield>
  </datafield>
  <datafield tag="100" ind1="1" ind2=" ">
   <subfield code="a">Burollet, Thérèse</subfield>
   <subfield code="e">VerfasserIn</subfield>
   <subfield code="0">(DE-588)1136431365</subfield>
   <subfield code="0">(DE-627)892909706</subfield>
   <subfield code="0">(DE-576)160493005</subfield>
   <subfield code="4">aut</subfield>
  </datafield>
  <datafield tag="245" ind1="1" ind2="0">
   <subfield code="a">Albert Bartholomé (1848-1928)</subfield>
   <subfield code="b">la rédecouverte d'un grand sculpteur</subfield>
   <subfield code="c">Thérèse Burollet ; assisteé par Nicolas Gourand ; préface par Jacques de Caso</subfield>
  </datafield>
  <datafield tag="246" ind1="1" ind2=" ">
   <subfield code="i">Abweichender Titel auf dem Einband</subfield>
   <subfield code="a">Bartholomé, la redécouverte d'un grand sculpteur</subfield>
  </datafield>
  <datafield tag="246" ind1="3" ind2="3">
   <subfield code="a">Bartholomé</subfield>
  </datafield>
  <datafield tag="264" ind1=" " ind2="1">
   <subfield code="a">Paris</subfield>
   <subfield code="b">ARTHENA, Association pour la diffusion de l'Histoire de l'Art</subfield>
   <subfield code="c">[2017]</subfield>
  </datafield>
  <datafield tag="264" ind1=" " ind2="4">
   <subfield code="c">© 2017</subfield>
  </datafield>
  <datafield tag="300" ind1=" " ind2=" ">
   <subfield code="a">357 Seiten</subfield>
   <subfield code="b">Illustrationen</subfield>
   <subfield code="c">33 cm</subfield>
  </datafield>
  <datafield tag="336" ind1=" " ind2=" ">
   <subfield code="a">Text</subfield>
   <subfield code="b">txt</subfield>
   <subfield code="2">rdacontent</subfield>
  </datafield>
  <datafield tag="337" ind1=" " ind2=" ">
   <subfield code="a">ohne Hilfsmittel zu benutzen</subfield>
   <subfield code="b">n</subfield>
   <subfield code="2">rdamedia</subfield>
  </datafield>
  <datafield tag="338" ind1=" " ind2=" ">
   <subfield code="a">Band</subfield>
   <subfield code="b">nc</subfield>
   <subfield code="2">rdacarrier</subfield>
  </datafield>
  <datafield tag="500" ind1=" " ind2=" ">
   <subfield code="a">Literaturverzeichnis: Seite [333]-344</subfield>
  </datafield>
  <datafield tag="505" ind1="8" ind2=" ">
   <subfield code="a">1848-1871 Origines et jeunesse -- 1871-1884 Le bonheur fragile d'un jeune peintre -- 1884-1887 L'ombre du malheur -- 1887-1889 Le Monument de Bouillant -- 1889-1899 Le Monument aux morts -- 1889-1901 Les années Degas -- 1899-1914 Nouvelle vie. Inspiration nouvelle -- 1900-1912 L'aura d'un monument célèbre -- 1908-1914 La Société nationale des Beaux-Arts et les jurys internationaux -- 1907-1912 Le Monument à Jean-Jacques Rousseau -- 1914-1923 Désillusions et échecs -- 1914-1918 Durant la Grande Guerre -- 1919-1928 Des derniers monuments aux derniers instants -- Dernier hommage, oubli et prémices de résurgence -- Catalogue -- Principes d'organisation -- Peintures -- Pastels -- Gouache -- Dessins -- Objets -- Gravure -- Sculptures -- Arbres généalogiques sommaires -- Photographies de famille -- Les portraits d'Albert Bartholomé -- Les signatures d'Albert Bartholomé -- Textes d'Albert Bartholomé -- Sa conception de la sculpture -- Manifeste à Paul Clemen -- &quot;Les sculpteurs et les graveurs en médaille&quot; -- La collection personnelle et la bibliothèque d'Albert Bartholomé -- Poèmes sur Bartholomé et son oeuvre -- Les expositions d'oeuvres de Bartholomé de 1879 à 1937 -- Localisation des oeuvres de Bartholomé dans les musées et lieux publics -- Répertoire des archives en France -- Répertoire des archives à l'étranger -- Répertoire des lettres.</subfield>
  </datafield>
  <datafield tag="520" ind1=" " ind2=" ">
   <subfield code="a">&quot;Célèbre de son vivant - près de 100 000 visiteurs défilèrent le jour de la Toussaint, en 1899, lors du dévoilement de son grand Monument aux morts au cimetière du Père-Lachaise -, encensé par une critique unanime, Grand Prix de sculpture de l'Exposition universelle de 1900, Albert Bartholomé atteint une renommée internationale presque équivalente à celle d'Auguste Rodin. Peintre naturaliste, ami intime de Degas, Bartholomé se tourne vers la sculpture à la mort de son épouse Prospérie de Fleury ; au cimetière de Bouillant, à Crépy-en-Valois, il réalise pour sa tombe un monument en bronze d'une intense force dramatique.&quot;--Page 4 of cover</subfield>
  </datafield>
  <datafield tag="583" ind1="1" ind2=" ">
   <subfield code="a">Archivierung/Langzeitarchivierung gewährleistet</subfield>
   <subfield code="f">FID</subfield>
   <subfield code="x">XA-DE-BW</subfield>
   <subfield code="2">pdager</subfield>
   <subfield code="5">DE-16</subfield>
  </datafield>
  <datafield tag="583" ind1="1" ind2=" ">
   <subfield code="a">Archivierung/Langzeitarchivierung gewährleistet</subfield>
   <subfield code="f">SLG</subfield>
   <subfield code="z">Frankreichforschung</subfield>
   <subfield code="2">pdager</subfield>
   <subfield code="5">DE-77</subfield>
  </datafield>
  <datafield tag="600" ind1="1" ind2="0">
   <subfield code="a">Bartholomé, Albert</subfield>
   <subfield code="d">1848-1928</subfield>
  </datafield>
  <datafield tag="600" ind1="1" ind2="0">
   <subfield code="a">Bartholomé, Albert</subfield>
   <subfield code="d">1848-1928</subfield>
   <subfield code="v">Catalogues raisonnés</subfield>
  </datafield>
  <datafield tag="600" ind1="1" ind2="0">
   <subfield code="a">Bartholomé, Albert 1848-1928</subfield>
   <subfield code="x">Criticism and interpretation</subfield>
  </datafield>
  <datafield tag="600" ind1="1" ind2="0">
   <subfield code="a">Bartholomé, Albert 1848-1928</subfield>
   <subfield code="x">Catalogues raisonnés</subfield>
  </datafield>
  <datafield tag="600" ind1="1" ind2="7">
   <subfield code="0">(DE-588)12906016X</subfield>
   <subfield code="0">(DE-627)388164875</subfield>
   <subfield code="0">(DE-576)216330688</subfield>
   <subfield code="a">Bartholomé, Albert</subfield>
   <subfield code="d">1848-1928</subfield>
   <subfield code="2">gnd</subfield>
  </datafield>
  <datafield tag="650" ind1=" " ind2="0">
   <subfield code="a">Sculptors</subfield>
   <subfield code="z">France</subfield>
   <subfield code="v">Biography</subfield>
  </datafield>
  <datafield tag="650" ind1="0" ind2="7">
   <subfield code="0">(DE-588)4046277-8</subfield>
   <subfield code="0">(DE-627)106198602</subfield>
   <subfield code="0">(DE-576)209068817</subfield>
   <subfield code="a">Plastik</subfield>
   <subfield code="2">gnd</subfield>
  </datafield>
  <datafield tag="650" ind1=" " ind2="4">
   <subfield code="a">Bartholomé, Albert 1848-1928</subfield>
  </datafield>
  <datafield tag="655" ind1=" " ind2="7">
   <subfield code="a">Werkverzeichnis</subfield>
   <subfield code="0">(DE-588)4189680-4</subfield>
   <subfield code="0">(DE-627)104464909</subfield>
   <subfield code="0">(DE-576)210061456</subfield>
   <subfield code="2">gnd-content</subfield>
  </datafield>
  <datafield tag="689" ind1="0" ind2="0">
   <subfield code="d">p</subfield>
   <subfield code="0">(DE-588)12906016X</subfield>
   <subfield code="0">(DE-627)388164875</subfield>
   <subfield code="0">(DE-576)216330688</subfield>
   <subfield code="a">Bartholomé, Albert</subfield>
   <subfield code="d">1848-1928</subfield>
   <subfield code="2">gnd</subfield>
  </datafield>
  <datafield tag="689" ind1="0" ind2="1">
   <subfield code="d">s</subfield>
   <subfield code="0">(DE-588)4046277-8</subfield>
   <subfield code="0">(DE-627)106198602</subfield>
   <subfield code="0">(DE-576)209068817</subfield>
   <subfield code="a">Plastik</subfield>
   <subfield code="2">gnd</subfield>
  </datafield>
  <datafield tag="689" ind1="0" ind2=" ">
   <subfield code="5">(DE-627)</subfield>
  </datafield>
  <datafield tag="700" ind1="1" ind2=" ">
   <subfield code="a">Gourand, Nicolas</subfield>
   <subfield code="e">VerfasserIn</subfield>
   <subfield code="0">(DE-588)1392254019</subfield>
   <subfield code="0">(DE-627)1963645421</subfield>
   <subfield code="4">aut</subfield>
  </datafield>
  <datafield tag="700" ind1="1" ind2=" ">
   <subfield code="a">Bartholomé, Albert</subfield>
   <subfield code="d">1848-1928</subfield>
   <subfield code="e">IllustratorIn</subfield>
   <subfield code="0">(DE-588)12906016X</subfield>
   <subfield code="0">(DE-627)388164875</subfield>
   <subfield code="0">(DE-576)216330688</subfield>
   <subfield code="4">ill</subfield>
  </datafield>
  <datafield tag="700" ind1="1" ind2=" ">
   <subfield code="a">De Caso, Jacques</subfield>
   <subfield code="d">1928-</subfield>
   <subfield code="e">VerfasserIn eines Vorworts</subfield>
   <subfield code="0">(DE-588)132738694</subfield>
   <subfield code="0">(DE-627)525928774</subfield>
   <subfield code="0">(DE-576)299379906</subfield>
   <subfield code="4">wpr</subfield>
  </datafield>
  <datafield tag="710" ind1="2" ind2=" ">
   <subfield code="a">Arthena</subfield>
   <subfield code="e">Herausgebendes Organ</subfield>
   <subfield code="0">(DE-588)3021215-7</subfield>
   <subfield code="0">(DE-627)713014792</subfield>
   <subfield code="0">(DE-576)194785580</subfield>
   <subfield code="4">isb</subfield>
  </datafield>
  <datafield tag="787" ind1="0" ind2="8">
   <subfield code="i">Rezensiert in</subfield>
   <subfield code="a">Sagewitz, Marthje</subfield>
   <subfield code="t">[Rezension von: Thérèse Burollet / Jacques De Caso / Nicolas Gourand, Albert Bartholomé 1848-1928. Bartholomé - la rédecouverte d'un grand sculpteur]</subfield>
   <subfield code="d">2019</subfield>
   <subfield code="w">(DE-627)178597761X</subfield>
  </datafield>
  <datafield tag="787" ind1="0" ind2="8">
   <subfield code="i">Rezensiert in</subfield>
   <subfield code="a">Maingon, Claire, 1980 - </subfield>
   <subfield code="t">[Rezension von: Thérèse Burollet, Albert Bartholomé (1848–1928)]</subfield>
   <subfield code="d">2018</subfield>
   <subfield code="w">(DE-627)1804454435</subfield>
  </datafield>
  <datafield tag="856" ind1="4" ind2="2">
   <subfield code="u">https://swbplus.bsz-bw.de/bsz487319206inh.htm</subfield>
   <subfield code="m">B:DE-576;DE-16</subfield>
   <subfield code="q">application/pdf</subfield>
   <subfield code="v">20170717103019</subfield>
   <subfield code="x">Verlag</subfield>
   <subfield code="3">Inhaltsverzeichnis</subfield>
   <subfield code="7">1</subfield>
  </datafield>
  <datafield tag="856" ind1="4" ind2="2">
   <subfield code="u">https://swbplus.bsz-bw.de/bsz875745008rez.htm</subfield>
   <subfield code="m">V:DE-576;B:DE-16</subfield>
   <subfield code="q">application/pdf</subfield>
   <subfield code="v">20191118153031</subfield>
   <subfield code="3">Rezension</subfield>
   <subfield code="7">1</subfield>
  </datafield>
  <datafield tag="856" ind1="4" ind2="2">
   <subfield code="u">http://www.sehepunkte.de/2019/11/32848.html</subfield>
   <subfield code="m">V:DE-576;X:SEHEPUNKTE</subfield>
   <subfield code="q">text/html</subfield>
   <subfield code="v">20200221153206</subfield>
   <subfield code="3">Rezension</subfield>
   <subfield code="7">1</subfield>
  </datafield>
  <datafield tag="856" ind1="4" ind2="2">
   <subfield code="u">http://scans.hebis.de/HEBCGI/show.pl?39699596_toc.pdf</subfield>
   <subfield code="m">V:DE-576;B:DE-16</subfield>
   <subfield code="q">application/pdf</subfield>
   <subfield code="3">Inhaltsverzeichnis</subfield>
   <subfield code="7">1</subfield>
  </datafield>
  <datafield tag="935" ind1=" " ind2=" ">
   <subfield code="a">MZFRA</subfield>
  </datafield>
  <datafield tag="935" ind1=" " ind2=" ">
   <subfield code="i">Blocktest</subfield>
  </datafield>
  <datafield tag="936" ind1="r" ind2="v">
   <subfield code="a">LI 99999</subfield>
   <subfield code="b">Sonstige</subfield>
   <subfield code="k">Kunstgeschichte</subfield>
   <subfield code="k">Künstler-Monografien</subfield>
   <subfield code="k">Sonstige</subfield>
   <subfield code="0">(DE-627)1270635948</subfield>
   <subfield code="0">(DE-625)rvk/97471:</subfield>
   <subfield code="0">(DE-576)200635948</subfield>
  </datafield>
  <datafield tag="936" ind1="b" ind2="k">
   <subfield code="a">20.31</subfield>
   <subfield code="j">Bildende Künstler</subfield>
   <subfield code="0">(DE-627)181571080</subfield>
  </datafield>
  <datafield tag="936" ind1="b" ind2="k">
   <subfield code="a">21.52</subfield>
   <subfield code="j">Geschichte der Bildhauerei</subfield>
   <subfield code="0">(DE-627)106405829</subfield>
  </datafield>
  <datafield tag="936" ind1="s" ind2="n">
   <subfield code="a">l300</subfield>
   <subfield code="2">mzub</subfield>
  </datafield>
  <datafield tag="951" ind1=" " ind2=" ">
   <subfield code="a">BO</subfield>
  </datafield>
  <datafield tag="990" ind1=" " ind2=" ">
   <subfield code="a">Bartholomé, Albert</subfield>
  </datafield>
  <datafield tag="990" ind1=" " ind2=" ">
   <subfield code="a">Plastik</subfield>
  </datafield>
  <datafield tag="991" ind1=" " ind2=" ">
   <subfield code="a">Rezensiertes Werk</subfield>
  </datafield>
  <datafield tag="999" ind1=" " ind2=" ">
   <subfield code="a">KXP-PPN875745008</subfield>
   <subfield code="e">4036742396</subfield>
  </datafield>
 </record>
</collection>
